000 00229nam a22000857a 4500
008 170207b xxu||||| |||| 00| 0 eng d
100 _92789
_aCBSE
245 _aSenior School Curriculum Main Subject V-I
260 _aNew Delhi
_bCBSE
_c2014
999 _c5987
_d5987